Price uncertainty, the competitive firm and the dual theory of choice under risk.

Analyzuje sa konkurujúca firma stojaca pred neistotou cien produkcie v Yaariho dvojitej teórii voľby za rizika. Získaná charakteristika rozhodnutí firiem o vstupoch a výstupoch sa blíži teórii firmy v podmienkach istoty. Ukazuje sa uplatnenie Hotellingovej lemy na zistenie funkcií dodávky výstupov a...

Descrizione completa

Salvato in:
Dettagli Bibliografici
Autore principale: Demers, F.
Altri autori: Demers, M.
Natura: Capitolo di libro
Lingua:inglese
Soggetti:
Tags: Aggiungi Tag
Nessun Tag, puoi essere il primo ad aggiungerne!!

MARC

LEADER 00000naa a2200000 4500
001 r003142
005 20220819194515.8
041 0 |a eng 
044 |a NL 
245 1 0 |a Price uncertainty, the competitive firm and the dual theory of choice under risk.  |c F. Demers, M. Demers 
520 |a Analyzuje sa konkurujúca firma stojaca pred neistotou cien produkcie v Yaariho dvojitej teórii voľby za rizika. Získaná charakteristika rozhodnutí firiem o vstupoch a výstupoch sa blíži teórii firmy v podmienkach istoty. Ukazuje sa uplatnenie Hotellingovej lemy na zistenie funkcií dodávky výstupov a požiadavkov na vstupy firmy. 
610 2 0 |a ceny 
610 2 0 |a konkurencia 
610 2 0 |a podnik 
610 2 0 |a teórie ekonomické 
610 2 0 |a riziko 
610 2 0 |a rozhodovanie za rizika 
610 2 0 |a vstupy 
610 2 0 |a výstupy 
100 1 |a Demers, F. 
700 1 |a Demers, M.